| 000 | 00668nam a2200241Ia 4500 | ||
|---|---|---|---|
| 005 | 20260704175957.0 | ||
| 008 | 260704s9999||||xx |||||||||||||| ||und|| | ||
| 020 |
_a9788178224251 _qpbk |
||
| 082 |
_a128 _bBRU |
||
| 100 | _aBrunton, Paul | ||
| 245 | 0 | _aRelativity, Philosophy, and Mind: the Notebooks of Paul Brunton [v.13] | |
| 260 |
_aNew Delhi _bNew Age Books _c2018 |
||
| 300 | _axiii, 139p. ; 21cm. | ||
| 490 |
_aThe notebooks of Paul Brunton _vv.13 |
||
| 653 | _aConsciousness | ||
| 653 | _aMeditations | ||
| 653 | _aMetaphysics | ||
| 653 | _aMind and body | ||
| 653 | _aMind and body | ||
| 653 | _aMysticism | ||
| 653 | _aPhilosophy | ||
| 942 | _cBK | ||
| 999 |
_c57352 _d57352 |
||